LIBRARY & INFORMATION CENTRE, KCAET, TAVANUR

ONLINE PUBLIC ACCESS CATALOGUE (OPAC)

A Textbook of Machine design (S.I.Units) (Record no. 14700)

MARC details
000 -LEADER
fixed length control field 00370nam a22001457a 4500
020 ## - INTERNATIONAL STANDARD BOOK NUMBER
ISBN 9788121925371
082 ## - DEWEY DECIMAL CLASSIFICATION NUMBER
Classification number 621.815
Item number KHU/MA
100 ## - MAIN ENTRY--AUTHOR NAME
Personal name Khurmi R.S.
100 ## - MAIN ENTRY--AUTHOR NAME
Personal name Gupta J.K.
245 ## - TITLE STATEMENT
Title A Textbook of Machine design (S.I.Units)
250 ## - EDITION STATEMENT
Edition statement 1
260 ## - PUBLICATION, DISTRIBUTION, ETC. (IMPRINT)
Place of publication New Delhi
Name of publisher Eurasia Publishing House (Pvt.) Ltd.
Year of publication 2015
300 ## - PHYSICAL DESCRIPTION
Number of Pages 1230
942 ## - ADDED ENTRY ELEMENTS (KOHA)
Koha item type Book Bank scheme for SC students
Holdings
Withdrawn status Lost status Damaged status Home library Current library Shelving location Date acquired Source of acquisition Cost, normal purchase price Full call number Accession Number Koha item type
      KAUAET KAUAET Scheme 18/08/2016 Penta Books Distributors, Calicut. 850.00 621.815 KHU/MA BB 399 Book Bank scheme for SC students
free website counter